Linear algebra and probability for computer science applications / (Record no. 555)

MARC details
000 -LEADER
fixed length control field 01555cam a22002894a 4500
001 - CONTROL NUMBER
control field 17105919
003 - CONTROL NUMBER IDENTIFIER
control field OSt
005 - DATE AND TIME OF LATEST TRANSACTION
control field 20250420134815.0
008 - FIXED-LENGTH DATA ELEMENTS--GENERAL INFORMATION
fixed length control field 120105s2012 flua b 001 0 eng
010 ## - LIBRARY OF CONGRESS CONTROL NUMBER
LC control number 2011047969
020 ## - INTERNATIONAL STANDARD BOOK NUMBER
International Standard Book Number 9781466501553 (hardback)
035 ## - SYSTEM CONTROL NUMBER
System control number (OCoLC)ocn748331587
040 ## - CATALOGING SOURCE
Original cataloging agency DLC
Language of cataloging eng
Transcribing agency KCST
050 00 - LIBRARY OF CONGRESS CALL NUMBER
Classification number QA76.9.M35
Item number D38 2012
082 00 - DEWEY DECIMAL CLASSIFICATION NUMBER
Classification number 004.0151
Edition information 23
Item number Da Li
100 1# - MAIN ENTRY--PERSONAL NAME
Personal name Davis, Ernest.
9 (RLIN) 4910
245 10 - TITLE STATEMENT
Title Linear algebra and probability for computer science applications /
Statement of responsibility, etc. Ernest Davis.
260 ## - PUBLICATION, DISTRIBUTION, ETC.
Place of publication, distribution, etc. Boca Raton, FL :
Name of publisher, distributor, etc. CRC Press,
Date of publication, distribution, etc. 2012.
300 ## - PHYSICAL DESCRIPTION
Extent xviii, 413 p. :
Other physical details ill. ;
Dimensions 25 cm.
504 ## - BIBLIOGRAPHY, ETC. NOTE
Bibliography, etc. note Includes bibliographical references and index.
520 ## - SUMMARY, ETC.
Summary, etc. "Taking a computer scientist's point of view, this classroom-tested text gives an introduction to linear algebra and probability theory, including some basic aspects of statistics. It discusses examples of applications from a wide range of areas of computer science, including computer graphics, computer vision, robotics, natural language processing, web search, machine learning, statistical analysis, game playing, graph theory, scientific computing, decision theory, coding, cryptography, network analysis, data compression, and signal processing. It includes an extensive discussion of MATLAB, and includes numerous MATLAB exercises and programming assignments"--
Assigning source Provided by publisher.
650 #0 - SUBJECT ADDED ENTRY--TOPICAL TERM
Topical term or geographic name entry element Computer science
General subdivision Mathematics.
9 (RLIN) 636
650 #0 - SUBJECT ADDED ENTRY--TOPICAL TERM
Topical term or geographic name entry element Algebras, Linear.
9 (RLIN) 1374
650 #0 - SUBJECT ADDED ENTRY--TOPICAL TERM
Topical term or geographic name entry element Probabilities.
9 (RLIN) 1388
942 ## - ADDED ENTRY ELEMENTS (KOHA)
Koha item type Book
942 ## - ADDED ENTRY ELEMENTS (KOHA)
Source of classification or shelving scheme Dewey Decimal Classification
Holdings
Withdrawn status Lost status Source of classification or shelving scheme Damaged status Not for loan Home library Current library Date acquired Cost, normal purchase price Total checkouts Full call number Barcode Date last seen Price effective from Koha item type
    Dewey Decimal Classification     KCST Library KCST Library 05/08/2020 16.59   004.0151 Da Li 1000000575 05/08/2020 05/08/2020 Book
© 2025 KCST. All rights reserved